000
00238nam a2200097Ia 4500
008
230915s9999 xx 000 0 und d
050
_a
RG 524 .M95 2014
100
_a
MARSHALL, JAYNE
245
0
_a
MYLES TEXTBOOK FOR MIDWIVES
942
_c
BK
999
_c
198799
_d
198799